Ralli Quilts: (Record no. 36706)
[ view plain ]
| 000 -LEADER | |
|---|---|
| fixed length control field | 00533nam a22001697a 4500 |
| 005 - DATE AND TIME OF LATEST TRANSACTION | |
| control field | 20241023122416.0 |
| 008 - FIXED-LENGTH DATA ELEMENTS--GENERAL INFORMATION | |
| fixed length control field | 241023b |||||||| |||| 00| 0 eng d |
| 020 ## - INTERNATIONAL STANDARD BOOK NUMBER | |
| ISBN | 0-7643-1697-4 |
| 082 ## - DEWEY DECIMAL CLASSIFICATION NUMBER | |
| Classification number | 720.19 |
| Item number | STO-R |
| 100 ## - MAIN ENTRY--AUTHOR | |
| Author Name | Stoddard, Patricia Ormsby |
| 245 ## - TITLE STATEMENT | |
| Title | Ralli Quilts: |
| Remainder of title | traditional textiles of Pakistan and India / |
| Statement of responsibility, etc. | by Patricia Ormsby Stoddard |
| 260 ## - PUBLICATION, DISTRIBUTION, ETC. | |
| Place of Publication | USA : |
| Name of publisher, distributor, etc. | Schiffer Publishing Ltd ; |
| Date of publication, distribution, etc. | 2003. |
| 300 ## - PHYSICAL DESCRIPTION | |
| Pages | 176 p. : |
| 500 ## - GENERAL NOTE | |
| General note | Include Index. |
| 650 ## - SUBJECT ADDED ENTRY--TOPICAL TERM | |
| Subject / Department | Art & Design /Textiles |
| 300 ## - PHYSICAL DESCRIPTION | |
| -- | ill. ; |
| -- | 28 cm. |
| 952 ## - LOCATION AND ITEM INFORMATION (KOHA) | |
| -- | 0 |
| -- | 0 |
| Lost status | Damaged status | Collection code | Permanent Location | Current Location | Shelving Location | Date acquired | Full Call Number | Accession No./Barcode | Date last seen | item type | Koha item type |
|---|---|---|---|---|---|---|---|---|---|---|---|
| Architecture | Superior Information Resource Center (SIRC) Superior University- Central Library | Superior Information Resource Center (SIRC) Superior University- Central Library | Art & Design | 10/23/2024 | 720.19 STO-R 2003 | 11745 | 10/23/2024 | BOOK | BOOK |
